| 000 | 00801nam a2200241 4500 | ||
|---|---|---|---|
| 999 |
_c14583 _d14583 |
||
| 003 | MIRAKIL | ||
| 005 | 20211102141903.0 | ||
| 008 | 211102b tu ||||| |||| 00| 0 tur d | ||
| 020 | _a9786053995661 | ||
| 040 |
_aTR-AnCHP _cTR-AnCHP |
||
| 041 | _aTur | ||
| 082 |
_a305.4 _bA13b 2021 |
||
| 100 | _aAçer, Tuba Metin | ||
| 245 | 1 | 0 |
_aBaşörtülü yoksul kadınların ötekileri/ _cTuba Metin Açer |
| 260 |
_aİstanbul: _bİstanbul Bilgi Üniversitesi Yayınları, _c2021. |
||
| 300 |
_a205 s.: _btbl.; _c23 sm. |
||
| 490 | 0 |
_aİstanbul Bilgi Üniversitesi Yayınları; _aSosyoloji; _v659. _v29. |
|
| 504 | _aKaynakça ve dizin vardır. | ||
| 650 | 0 |
_9569 _aKadınlar _xTürkiye _xKimlik |
|
| 650 | 0 |
_9569 _aKadınlar _xSosyal durumlar |
|
| 650 | 0 |
_95686 _aGrup kimliği _xTürkiye |
|
| 942 |
_2ddc _cBKS |
||